|
|
|
|
| LEADER |
01036cam a2200313Ia 4500 |
| 001 |
on1155088371 |
| 003 |
OCoLC |
| 005 |
20210722024856.0 |
| 006 |
m o d |
| 007 |
cr |n||||||||| |
| 008 |
200521s2020 ne o 001 0 eng d |
| 040 |
|
|
|a YDX
|b eng
|c YDX
|d OPELS
|d UKAHL
|d OCLCF
|
| 020 |
|
|
|a 9780128223949
|q (electronic bk.)
|
| 020 |
|
|
|a 0128223944
|q (electronic bk.)
|
| 020 |
|
|
|z 9780128213360
|
| 020 |
|
|
|z 0128213361
|
| 035 |
|
|
|a (OCoLC)1155088371
|
| 050 |
|
4 |
|a QC457
|
| 082 |
0 |
4 |
|a 535.8/42
|2 23
|
| 100 |
1 |
|
|a Di Laudo, Carlo.
|
| 245 |
1 |
0 |
|a Rotational structure in molecular infrared spectra
|h [electronic resource] /
|c Carlo Di Laudo.
|
| 260 |
|
|
|a Amsterdam :
|b Elsevier,
|c 2020.
|
| 300 |
|
|
|a 1 online resource
|
| 500 |
|
|
|a Includes index.
|
| 650 |
|
0 |
|a Infrared spectra.
|
| 650 |
|
7 |
|a Infrared spectra.
|2 fast
|0 (OCoLC)fst00973256
|
| 655 |
|
4 |
|a Electronic books.
|
| 776 |
0 |
8 |
|c Original
|z 0128213361
|z 9780128213360
|w (OCoLC)1119635766
|
| 856 |
4 |
0 |
|3 ScienceDirect
|u https://www.sciencedirect.com/science/book/9780128213360
|